| 000 | 01720ctm a22002771i 4500 | ||
|---|---|---|---|
| 003 | SA-RiAUC | ||
| 005 | 20260313130237.0 | ||
| 008 | 260131s1781 xx f 000 0 ara c | ||
| 040 |
_aSA-JeALM _bara _cSA-RiAUC _erda |
||
| 082 | 0 | 4 |
_a258.2 _qSA-RiAUC |
| 090 |
_aم ن 258.2 _bب و ج |
||
| 100 | 1 |
_aالبوجعدي، محمد بن أبي القاسم بن محمد، _dتوفي 1214 هجري _eمؤلف. |
|
| 245 | 1 | 0 |
_aفتح الجليل الصمد في شرح التكميل والمعتمد / _cمحمد بن أبي القاسم بن محمد عبد الجليل الفلالي. |
| 246 | 3 | 0 | _aشرح التكميل والمعتمد |
| 264 | 0 |
_aتونس : _bمطبعة الدولة التونسية. _c[1873] |
|
| 300 |
_a126 صفحة ؛ _c29 سم |
||
| 336 |
_aنص _btxt _2rdacontent _3مخطوطة |
||
| 337 |
_aبدون وسيط _bn _2rdamedia |
||
| 338 |
_aمجلد _bnc _2rdacarrier |
||
| 340 | _dخط مغربي. | ||
| 500 | _aأوله : بسم الله الرحمان الرحيم صلى الله على سيدنا ومولانا محمد وآله وصحبه وسلم تسليما الحمد لله رب العالمين والصلاة والسلام على مولانا محمد رسوله الأمين وعلى آله وصحبه الأكرمين صلاة وسلاما بهما في أصحاب اليمين وبعد فيقول عبد ربه المتعالي محمد بن أبي القاسم بن محمد بن عبد الجليل الفيلالي نور الله قلبه وأفاض عليه من خيره. | ||
| 650 | 7 |
_aالفقه المالكي _vمخطوطات _2aucsh |
|
| 740 | 2 | 2 | _aالتكميل والمعتمد. |
| 942 |
_2ddc _cRBOOK COPY _n0 |
||
| 949 |
_aSA-JeALM _d260131 _umohamedma123 _n1 |
||
| 999 |
_c14566 _d14566 |
||